Mineralogy and geochemistry of the lead-zinc mineralization at Ranga, Red Sea Coast
The mineral association of Ranga lead-zinc deposit is microscopically described. The trace elements assemblage in cubic and zonal galena is quantitatively determined. Besides, the trace elements in other minerals associated with galena were semiquantitatively estimated. The deposit is attributed to...
Elmentve itt :
| Szerzők: | |
|---|---|
| Dokumentumtípus: | Cikk |
| Megjelent: |
University of Szeged, Department of Mineralogy, Geochemistry and Petrology
Szeged
1982
|
| Sorozat: | Acta mineralogica-petrographica
25 No. 2 |
| Kulcsszavak: | Geokémia, Kőzettan, Ásványtan, Földtan |
| Tárgyszavak: | |
| Online Access: | http://acta.bibl.u-szeged.hu/24703 |
| LEADER | 01330nab a2200229 i 4500 | ||
|---|---|---|---|
| 001 | acta24703 | ||
| 005 | 20220726080044.0 | ||
| 008 | 161017s1982 hu o 0|| eng d | ||
| 022 | |a 0365-8066 | ||
| 040 | |a SZTE Egyetemi Kiadványok Repozitórium |b hun | ||
| 041 | |a eng | ||
| 100 | 1 | |a Rasmy Mokhtar | |
| 245 | 1 | 0 | |a Mineralogy and geochemistry of the lead-zinc mineralization at Ranga, Red Sea Coast |h [elektronikus dokumentum] / |c Rasmy Mokhtar |
| 260 | |a University of Szeged, Department of Mineralogy, Geochemistry and Petrology |b Szeged |c 1982 | ||
| 300 | |a 211-221 | ||
| 490 | 0 | |a Acta mineralogica-petrographica |v 25 No. 2 | |
| 520 | 3 | |a The mineral association of Ranga lead-zinc deposit is microscopically described. The trace elements assemblage in cubic and zonal galena is quantitatively determined. Besides, the trace elements in other minerals associated with galena were semiquantitatively estimated. The deposit is attributed to the exhalative sedimentary processes by which other Egyptian Miocene lead-zinc ores were similarly formed. | |
| 650 | 4 | |a Természettudományok | |
| 650 | 4 | |a Föld- és kapcsolódó környezettudományok | |
| 695 | |a Geokémia, Kőzettan, Ásványtan, Földtan | ||
| 700 | 0 | 1 | |a Yonan Adel A. |e aut |
| 856 | 4 | 0 | |u http://acta.bibl.u-szeged.hu/24703/1/mineralogica_025_fasc_002_211-221.pdf |z Dokumentum-elérés |